|
|
|
|
| LEADER |
01282nam a22003132a 4500 |
| 001 |
001120307 |
| 003 |
CZ BrMZK |
| 005 |
20110503105403.0 |
| 007 |
ta |
| 008 |
101007s1982 xr er|||||||||||cze d |
| 015 |
|
|
|a cnb000403581
|
| 035 |
|
|
|a (OCoLC)42177690
|
| 040 |
|
|
|a ABA001
|b cze
|d ABA001
|d BOA001
|
| 080 |
9 |
|
|a 74/76Bouda,C.:061.4(437-2Praha)"1982"(084.1)
|
| 100 |
1 |
|
|a Bouda, Cyril,
|d 1901-1984
|7 jk01012795
|4 art
|
| 245 |
1 |
0 |
|a Národní umělec Cyril Bouda :
|b výběr z díla : katalog výstavy, Praha - Královský letohrádek, červen-srpen 1982 /
|c úvodní stati napsal Jiří Kotalík, Eva Bužgová, Adolf Branald ; katalog zpracovala Eva Bužgová
|
| 260 |
|
|
|a Praha :
|b Národní galerie,
|c 1982
|
| 300 |
|
|
|a 66 s. ;
|c 24 cm
|
| 490 |
1 |
|
|a Výstavy ;
|v 52
|
| 504 |
|
|
|a Obsahuje bibliografii
|
| 700 |
1 |
|
|a Kotalík, Jiří,
|d 1920-1996
|7 jk01062111
|4 wfw
|
| 700 |
1 |
|
|a Bužgová Rambousková, Eva,
|d 1930-2014
|7 jk01020477
|4 wfw
|
| 700 |
1 |
|
|a Branald, Adolf,
|d 1910-2008
|7 jk01012955
|4 wfw
|
| 710 |
2 |
|
|a Královský letohrádek (Praha, Česko)
|7 kn20050511039
|
| 830 |
|
0 |
|a Výstavy (Národní galerie)
|0 s
|
| 910 |
|
|
|a BOA001
|b 2-0849.352
|
| 990 |
|
|
|a BK
|
| 991 |
|
|
|b 201010
|
| 996 |
6 |
|
|b 2619362050
|c 2-0849.352
|l MZK
|r Sklad / do 1 hodiny
|n 0
|w 001148288
|u 000010
|a 1
|e BOA001
|j MZK50
|s P
|